| 000 | 01048nam a2200325Ia 4500 | ||
|---|---|---|---|
| 003 | OSt | ||
| 005 | 20221007124503.0 | ||
| 006 | a|||||r|||| 00| 0 | ||
| 007 | ta | ||
| 008 | 221006b |||||||| |||| 00| 0 eng d | ||
| 020 | _a9788131513712 (pbk) | ||
| 024 | _a189989 | ||
| 037 |
_b3497, 07/03/2014, Educational Book Agency (India) _cTextual |
||
| 040 |
_aCDL _cCDL _beng |
||
| 041 |
_2eng _aeng |
||
| 082 | _aE1, L7;13-;14 Carc | ||
| 100 | _aPurcell Keith F | ||
| 245 | 0 |
_aInorganic chemistry _b Kotz John C |
|
| 250 | _aIndian edition | ||
| 260 |
_aNew _bDelhi Cengage _c1977 |
||
| 300 |
_axix, 1116p. _ccm. |
||
| 500 | _aCompound index 1097-1104p.; Subject index 1105-1116p. | ||
| 650 | _a Coordination chemistry | ||
| 650 | _a Molecular topology | ||
| 650 |
_a Reaction pathways _9719414 |
||
| 650 | _aChemistry | ||
| 700 | _a Kotz John C | ||
| 942 |
_hE1, L7;13-;14 Carc _cTEXL _2CC |
||
| 999 |
_c1213607 _d1213607 |
||